LIBRARY ONLINE CATALOGUE

Business and its environment. (Record no. 1944)

MARC details
000 -LEADER
fixed length control field 00633cam a22002172 4500
001 - CONTROL NUMBER
control field 0000001834
005 - DATE AND TIME OF LATEST TRANSACTION
control field 20151217145726.0
008 - FIXED-LENGTH DATA ELEMENTS--GENERAL INFORMATION
fixed length control field 070328s xx 000 0 eng d
020 ## - INTERNATIONAL STANDARD BOOK NUMBER
International Standard Book Number 0131873555 :
Terms of availability KES 3,550
040 ## - CATALOGING SOURCE
Original cataloging agency KABU
Transcribing agency KABU
050 #0 - LIBRARY OF CONGRESS CALL NUMBER
Classification number HD60
Item number .B37 2005
100 1# - MAIN ENTRY--PERSONAL NAME
Personal name Baron, David P.
-- 0000150870
245 10 - TITLE STATEMENT
Title Business and its environment.
250 ## - EDITION STATEMENT
Edition statement 5th ed.
260 ## - PUBLICATION, DISTRIBUTION, ETC. (IMPRINT)
Place of publication, distribution, etc. Upper Saddle River, N.J. :
Name of publisher, distributor, etc. Prentice Hall,
Date of publication, distribution, etc. 2005.
300 ## - PHYSICAL DESCRIPTION
Extent xxvii, 877 p.
650 #0 - SUBJECT ADDED ENTRY--TOPICAL TERM
Topical term or geographic name as entry element Social responsibility of business.
-- 0000150871
908 ## - PUT COMMAND PARAMETER (RLIN)
Put command parameter 070328
950 ## - LOCAL HOLDINGS (RLIN)
-- 1
Holdings
Withdrawn status Lost status Source of classification or shelving scheme Not for loan Home library Current library Date acquired Total Checkouts Full call number Barcode Date last seen Price effective from Koha item type
    Library of Congress Classification   Kabarak, Main Campus Kabarak, Main Campus 17/12/2015   HD60 .B37 2005 001569 02/08/2024 17/12/2015 General Collection